01319nam a2200205 a 450000100080000000500110000800800410001910000240006024500970008426003440018130000110052552004160053665000240095265300290097665300200100565300280102570000250105370000150107870000200109318713032026-03-16 2010 bl uuuu u00u1 u #d1 aCASTRO, M. E. B. de aColeção de vírus de invertebrados para uso em controle biológico.h[electronic resource] aIn: CONGRESSO BRASILEIRO DE RECURSOS GENÉTICOS; WORKSHOP EM BIOPROSPECÇÃO E CONSERVAÇÃO DE PLANTAS NATIVAS DO SEMI-ÁRIDO, 3.; WORKSHOP INTERNACIONAL SOBRE BIOENERGIA E MEIO AMBIENTE, 2010, Salvador. Bancos de germoplasma: descobrir a riqueza, garantir o futuro: anais. Brasília, DF: Embrapa Recursos Genéticos e Biotecnologiac2010 cCD-ROM aA maior parte do material até agora coletado e armazenado pertence ao grupo baculovirus, contando com cerca de 100 isolados virais. Esta Coleção (CVI) tem como suporte um projeto inserido na Rede de Recursos Genéticos Microbianos da Embrapa Recursos Genéticos e Biotecnologia (Cenargen). Atualmente a documentação e informatização da Coleção estão sendo organizadas no sistema Infomicro do Cenargen. aControle Biológico aColeção de germoplasma aIsolados virais aVírus de invertebrados1 aRIBEIRO, Z. M. de A.1 aSIHLER, W.1 aSOUZA, M. L. de